States with the most Pakistani-Americans, highest to lowest - Statistics

General Stats
  • This quiz has been taken 9 times
  • The average score is 9 of 51
Answer Stats
Number Answer % Correct
63,038 California
86%
77,352 New York
86%
35,496 Illinois
71%
74,712 Texas
71%
28,792 New Jersey
43%
35,496 Virginia
43%
2,055 Alabama
29%
1,969 Colorado
29%
6,454 Connecticut
29%
1,082 Delaware
29%
17,783 Florida
29%
20,140 Maryland
29%
801 Washington D.C
29%
136 Alaska
14%
2,786 Arizona
14%
1,623 Arkansas
14%
14,436 Georgia
14%
4,049 Indiana
14%
1,393 Iowa
14%
1,758 Kansas
14%
1,255 Kentucky
14%
1,987 Louisiana
14%
266 Maine
14%
8,466 Massachusetts
14%
11,415 Michigan
14%
2,415 Minnesota
14%
4,776 Missouri
14%
445 Nebraska
14%
679 New Hampshire
14%
6,721 North Carolina
14%
5,131 Ohio
14%
12,580 Pennsylvania
14%
966 South Carolina
14%
2,338 Tennessee
14%
751 Utah
14%
6,483 Washington
14%
3,134 Wisconsin
14%
75 Hawaii
0%
309 Idaho
0%
547 Mississippi
0%
54 Montana
0%
1,663 Nevada
0%
704 New Mexico
0%
186 North Dakota
0%
2,588 Oklahoma
0%
1,194 Oregon
0%
775 Rhode Island
0%
117 South Dakota
0%
63 Vermont
0%
556 West Virginia
0%
156 Wyoming
0%
No matching quizzes found
Score Distribution
Percent of People with Each Score
Percentile by Number Answered
Your Score History
You have not taken this quiz